000 00438nam a2200169 i 4500
020 _a0721628125
040 _cDLC
082 0 0 _a574 SAU 1976 A080 Or.
245 0 4 _aThe Ecology of the seas /
260 _aPhiladelphia :
_bW. B. Saunders Co.,
_cc1976.
300 _ax, 467 p. :
_bill. ;
_c25 cm.
500 _aIncludes indexes.
650 0 _aMarine ecology.
700 1 _aCushing, D. H.
700 1 _aWalsh, John Joseph,
942 _cEK
999 _c15670
_d15670